000 00663nam a2200229 a 4500
001 14395
003 BD-JhCC
005 20250908114814.0
008 250908b2011 nyu |||| ||a| 000 0 eng d
020 _a9780061962790
035 _a(BD-JhCC)14395
040 _aBD-JhCC
_dBD-JhCC
041 _aenglish
082 _223
_a813.54
_bLAI 2011
100 _a Lai,Thanhha
245 _a Inside out & back again /
_cThanhha Lai.
260 _aNew York:
_bHarper, an imprint of HarperCollinsPublishers,;
_c2011.
300 _a262 p. :
_bill;
_c20 cm.
490 _a Instant book club
650 _aAlabama History Fiction
_xAlabama Juvenile fiction
942 _2ddc
_cBK
999 _c14395
_d14395